Normal view
MARC view
Entry Topical Term
001 - CONTROL NUMBER
- control field: 90713
003 - CONTROL NUMBER IDENTIFIER
- control field: OSt
005 - DATE AND TIME OF LATEST TRANSACTION
- control field: 20230419164854.0
008 - FIXED-LENGTH DATA ELEMENTS
- fixed length control field: 230419|| aca||aabn | a|a d
040 ## - CATALOGING SOURCE
- Original cataloging agency: OSt
- Transcribing agency: OSt
150 ## - HEADING--TOPICAL TERM
- Topical term or geographic name entry element: General
670 ## - SOURCE DATA FOUND
- Source citation: Work cat.: (OSt)160771: PANNEERSELVAM (R) 90712, Research methodology, 2009